00536nam a2200193 a 4500001001300000003000900013005001700022008004100039020001000080082001500090100002100105245004500126260005400171500003500225505001000260650002900270650002200299700002100321nice12345678IN_TiNIC20260116012925.0050524s0000 bana grp 000 0 eng  ac0.500a305.6bSHE aShekhar, V T Raj aMusalmanon Ko Firqa Parast Kis Ne Banaya aBangalorebMuslim Laws Protection Committeec0000 aincludes index and biblioraphy2 aindex aIslam-Relations Hinduism aCommunalism-India1 aShekhar, V T Raj